| 000 | 00558nam a2200169Ia 4500 | ||
|---|---|---|---|
| 008 | 260520s2025 xx 000 0 und d | ||
| 020 | _a978-81-991207-8-5 | ||
| 041 | _amar | ||
| 082 | _a398.2/CHI | ||
| 100 | _aचिने, गीतांजली | ||
| 245 | _aकोककथांमधील भारतीय ज्ञानपरंपरा | ||
| 250 | _a1st ed | ||
| 260 |
_aजळगाव _bप्रशांत पब्लिकेशन _c2025 |
||
| 300 | _a143p. | ||
| 500 | _aCat No: 15051 | ||
| 650 | _aCUSTOMS ETIQUETTES FOLKLORE | ||
| 999 |
_c1221858 _d1221858 |
||